Statistics for Highest Mountains in Countries

Click here to take the quiz!

General Stats

  • This quiz has been taken 90 times
    (89 since last reset)
  • The average score is 4 of 9

Answer Stats

Hint Answer % Correct
JapanMount Fuji
95%
ArgentinaAconcagua
82%
CanadaMount Logan
61%
IndiaKanchenjunga
39%
AustriaGrossglockner
28%
ChileOjos del Salado
22%
PolandRysy
21%
MexicoPico de Orizaba
20%
PhilippinesMount Apo
16%

Score Distribution

Percentile by Number Answered

Percent of People with Each Score

Your Score History

You have not taken this quiz since the last reset